| 000 | 00755nam a22001937a 4500 | ||
|---|---|---|---|
| 003 | OSt | ||
| 005 | 20240828093458.0 | ||
| 008 | 240828b ||||| |||| 00| 0 eng d | ||
| 040 | _cAIMIT LIBRARY | ||
| 100 |
_aShettigar, Anvesh B. _e2216023 _9178021 |
||
| 245 |
_aStudy on human resource development and employee engagement in SCDCC bank / _cBy Anvesh B Shettigar ; Gudied by Rowena Wright. |
||
| 260 |
_aMangaluru ; _c2024. |
||
| 650 |
_aLiterature review objectives and conceptual framework _9178022 |
||
| 650 |
_aResearch methodology _9178023 |
||
| 650 |
_aData analysis and interpretation _9178024 |
||
| 700 |
_aWright, Rowena. _eGuide _9178025 |
||
| 856 |
_3South canara district central co operative bank ltd _uwww.scdccbank.com |
||
| 942 |
_2ddc _cPRO |
||
| 999 |
_c231610 _d231610 |
||